Landscape Design UK (Record no. 369064)

MARC details
000 -LEADER
fixed length control field 00410 a2200169 4500
005 - DATE AND TIME OF LATEST TRANSACTION
control field 20251104130147.0
008 - FIXED-LENGTH DATA ELEMENTS--GENERAL INFORMATION
fixed length control field 251104b |||||||| |||| 00| 0 eng d
020 ## - INTERNATIONAL STANDARD BOOK NUMBER
International Standard Book Number 9788496424821
082 ## - DEWEY DECIMAL CLASSIFICATION NUMBER
Classification number 712/LAM
100 ## - MAIN ENTRY--PERSONAL NAME
Author Lam G Ed.
245 ## - TITLE STATEMENT
Title Landscape Design UK
250 ## - EDITION STATEMENT
Edition statement 3rd Ed.
260 ## - PUBLICATION, DISTRIBUTION, ETC.
Name of publisher, distributor, etc. Links International
Date of publication, distribution, etc. 2007
Place of publication, distribution, etc. Hong Kong
300 ## - PHYSICAL DESCRIPTION
Extent 270p
Other physical details HB
500 ## - GENERAL NOTE
Keywords Landscape
942 ## - ADDED ENTRY ELEMENTS (KOHA)
Koha item type Reference book
Holdings
Withdrawn status Lost status Source of classification or shelving scheme Damaged status Not for loan Home library Current library Date acquired Vendor Net Price Total Checkouts Full call number Barcode Date last seen Actual Price Bill Date Koha item type
    Dewey Decimal Classification   Available Dr. Bhanuben Nanavati College of Architecture Dr. Bhanuben Nanavati College of Architecture 31/10/2025 170 4380.12   712/LAM BNCA-BK-13373 31/10/2025 6348.00 31/10/2025 Reference book